[Event "GER-ch U25 op"]
[Site "Willingen"]
[Date "2009.06.05"]
[Round "8"]
[White "Rummer, Martin"]
[Black "Nehls, Benedikt"]
[Result "0-1"]
[WhiteElo "1589"]
[BlackElo "1836"]
[PlyCount "88"]
[EventDate "2009.05.30"]
[EventType "swiss"]
[EventRounds "9"]
[EventCountry "GER"]
[SourceTitle "EXT 2010"]
[Source "ChessBase"]
[SourceDate "2010.11.25"]
[SourceVersion "1"]
[SourceVersionDate "2010.11.25"]
[SourceQuality "1"]

1. e4 c5 2. Nc3 Nc6 3. g3 g6 4. Bg2 Bg7 5. d3 d6 6. f4 Nf6 7. Nf3 0-0 8. 0-0 Rb8 9. Be3 b5 10. Nh4 Ng4 11. Bd2 Bd4+ 12. Kh1 Nf2+ 13. Rxf2 Bxf2 14. Qf3 Bd4 15. e5 Bb7 16. Qg4 dxe5 17. f5 Qd7 18. Ne4 c4 19. Qg5 f6 20. Qh6 gxf5 21. Bh3 e6 22. Nxf6+ Rxf6 23. Qxf6 Nb4+ 24. Bg2 Bxg2+ 25. Kxg2 Nxc2 26. Rf1 Qf7 27. Qh6 cxd3 28. Nf3 Qg6 29. Qh4 e4 30. Nxd4 Nxd4 31. Qe7 Rc8 32. Bc3 Ne2 33. Be5 Qf7 34. Qg5+ Kf8 35. g4 Qg6 36. Qh4 Kg8 37. Kf2 Qxg4 38. Qe7 e3+ 39. Kxe3 Qe4+ 40. Kd2 Qxe5 41. Rf2 Qxb2+ 42. Ke3 Qd4+ 43. Kd2 Rc2+ 44. Kd1 Qa1# 0-1

[Event "GER-ch U25 op"]
[Site "Willingen"]
[Date "2009.06.04"]
[Round "7"]
[White "Paulus, Jeffrey"]
[Black "Rummer, Martin"]
[Result "0-1"]
[WhiteElo "1917"]
[BlackElo "1589"]
[PlyCount "60"]
[EventDate "2009.05.30"]
[EventType "swiss"]
[EventRounds "9"]
[EventCountry "GER"]
[SourceTitle "EXT 2010"]
[Source "ChessBase"]
[SourceDate "2010.11.25"]
[SourceVersion "1"]
[SourceVersionDate "2010.11.25"]
[SourceQuality "1"]

1. d4 Nf6 2. c4 e6 3. Nf3 b6 4. Nc3 Bb4 5. Qc2 Bb7 6. Bd2 0-0 7. a3 Bxc3 8. Bxc3 d5 9. e3 Nbd7 10. Bd3 dxc4 11. Bxc4 Nd5 12. Bd3 g6 13. Bd2 c5 14. e4 Ne7 15. Bh6 Re8 16. dxc5 Nxc5 17. Bb5 Bxe4 18. Qc3 Nf5 19. Bg5 Nd3+ 20. Kf1 Qd5 21. Bxe8 Bxf3 22. Rg1 Be4 23. Rd1 Rxe8 24. f3 Qb5 25. fxe4 Nf4+ 26. Rd3 Ne3+ 27. Kf2 Ng4+ 28. Ke1 Nxd3+ 29. Kd2 Qxg5+ 30. Kxd3 Qe3+ 0-1

[Event "GER-ch U25 op"]
[Site "Willingen"]
[Date "2009.06.02"]
[Round "4"]
[White "Mueller, Philipp"]
[Black "Rummer, Martin"]
[Result "1-0"]
[WhiteElo "1870"]
[BlackElo "1589"]
[PlyCount "99"]
[EventDate "2009.05.30"]
[EventType "swiss"]
[EventRounds "9"]
[EventCountry "GER"]
[SourceTitle "EXT 2010"]
[Source "ChessBase"]
[SourceDate "2010.11.25"]
[SourceVersion "1"]
[SourceVersionDate "2010.11.25"]
[SourceQuality "1"]

1. e4 e5 2. Nf3 Nc6 3. Bb5 Bc5 4. c3 Nge7 5. 0-0 0-0 6. d4 exd4 7. cxd4 Bb6 8. d5 Nb8 9. Nc3 d6 10. Bg5 f6 11. Bf4 Ng6 12. Bg3 Nd7 13. Nd4 Nde5 14. Qd2 a6 15. Be2 f5 16. f4 fxe4 17. Kh1 Ng4 18. Nxe4 Re8 19. Bf3 Nh4 20. Ng5 Nxf3 21. Rxf3 Bxd4 22. Qxd4 Bf5 23. Ne6 Qd7 24. Bh4 Bxe6 25. dxe6 Qxe6 26. f5 Qe4 27. Qc3 Ne5 28. Rh3 Qxf5 29. Qxc7 Rf8 30. Rg1 Qd7 31. Qxd7 Nxd7 32. Rd3 Nf6 33. Rxd6 Rad8 34. Rb6 Rd7 35. h3 Nd5 36. Rb3 Rf4 37. Bg3 Rb4 38. Rxb4 Nxb4 39. a3 Nd3 40. Rb1 Nc5 41. Be5 Rd2 42. Rc1 Nd3 43. Rc8+ Kf7 44. Rc7+ Kg6 45. Bc3 Rd1+ 46. Kh2 b5 47. Rxg7+ Kh6 48. Ra7 Nc5 49. Bb4 Rd7 50. Bxc5 1-0